[Event "Tradewise Gibraltar Masters 14th"]
[Site "Gibraltar"]
[Date "2016.02.02"]
[Round "8.113"]
[White "Slinger, Tony J"]
[Black "Hagesaether, Arne"]
[Result "0-1"]
[WhiteElo "1915"]
[BlackElo "2086"]
[PlyCount "102"]
[EventDate "2016.01.26"]
[EventType "swiss"]
[EventRounds "10"]
[EventCountry "GGB"]
[Source "www.saund.co.uk"]
[SourceDate "2005.02.07"]

1. c4 e6 2. Nf3 Nf6 3. g3 d5 4. Bg2 Be7 5. O-O O-O 6. b3 d4 7. Bb2 Nc6 8. d3 e5
9. Na3 Re8 10. Nc2 a5 11. a3 Bc5 12. Nd2 Bf5 13. Ne4 Nxe4 14. dxe4 Bg4 15. Ne1
Qd7 16. Nd3 Bf8 17. Qd2 Nd8 18. b4 Ra6 19. f4 exf4 20. Nxf4 c5 21. b5 Rh6 22.
Qxa5 Ne6 23. Qd2 Ng5 24. Qd3 f5 25. e5 Rxe5 26. Bc1 Bd6 27. Ra2 Re8 28. a4 Kh8
29. a5 Nf7 30. a6 Ne5 31. Qb3 bxa6 32. Rxa6 g5 33. Nd3 Nxd3 34. exd3 Re2 35.
Bxg5 Rxg2+ 36. Kxg2 Bh3+ 37. Kg1 Rg6 38. Bf4 Qb7 39. Ra2 Bxf1 40. Bxd6 Rxd6 41.
Kxf1 Qh1+ 42. Kf2 Qxh2+ 43. Kf3 Qh5+ 44. Kg2 Rh6 45. Qb1 Qh3+ 46. Kf2 f4 47.
Ra8+ Kg7 48. Ra7+ Kf8 49. Qg1 fxg3+ 50. Ke1 Qh1 51. Qf1+ Ke8 0-1

[Event "Tradewise Gibraltar Masters 14th"]
[Site "Gibraltar"]
[Date "2016.02.02"]
[Round "8.114"]
[White "Carlsten, Peter"]
[Black "Joachim, Rodny"]
[Result "1-0"]
[WhiteElo "2074"]
[BlackElo "1659"]
[PlyCount "77"]
[EventDate "2016.01.26"]
[EventType "swiss"]
[EventRounds "10"]
[EventCountry "GGB"]
[Source "www.saund.co.uk"]
[SourceDate "2005.02.07"]

1. e4 e5 2. d4 exd4 3. Qxd4 Nc6 4. Qe3 Nf6 5. Nc3 Be7 6. Bc4 O-O 7. Bd2 Na5 8.
Be2 d6 9. O-O-O b6 10. Qg3 Re8 11. Bh6 Bf8 12. e5 Nd7 13. exd6 cxd6 14. Bg5 f6
15. Be3 Ne5 16. f4 Ng4 17. Bd2 Nh6 18. Nd5 Be6 19. Bc3 Bxd5 20. Rxd5 Qe7 21.
Bb5 Qe3+ 22. Qxe3 Rxe3 23. Bd2 Re7 24. Rxd6 Re1+ 25. Bxe1 Bxd6 26. Bd2 a6 27.
Bd3 Nc6 28. Nf3 Nb4 29. Bc4+ Kf8 30. Nd4 Rc8 31. Bb3 Ke8 32. Re1+ Kd8 33. Kb1
g6 34. Re6 Bc5 35. Bxb4 Bxb4 36. Nc6+ Rxc6 37. Rxc6 Bc5 38. Rxf6 Ng4 39. Rf7
1-0

[Event "Tradewise Gibraltar Masters 14th"]
[Site "Gibraltar"]
[Date "2016.02.02"]
[Round "8.115"]
[White "Lafortune, Emerick"]
[Black "Biegel, Thomas"]
[Result "1-0"]
[WhiteElo "1923"]
[BlackElo "2069"]
[PlyCount "61"]
[EventDate "2016.01.26"]
[EventType "swiss"]
[EventRounds "10"]
[EventCountry "GGB"]
[Source "www.saund.co.uk"]
[SourceDate "2005.02.07"]

1. Nf3 d6 2. c4 e5 3. d4 exd4 4. Nxd4 Nf6 5. Nc3 Be7 6. g3 O-O 7. Bg2 Na6 8.
O-O c6 9. h3 Re8 10. e4 Bf8 11. Be3 Nc5 12. Qc2 Ne6 13. Nde2 Bd7 14. Rad1 Qc7
15. Rfe1 b6 16. Nd4 Rad8 17. f4 Nxd4 18. Bxd4 Nh5 19. Qf2 g6 20. g4 Ng7 21. f5
Bc8 22. Kh1 Rd7 23. Re2 Qd8 24. Rde1 c5 25. Be3 Be7 26. Rd1 Bb7 27. Bf4 g5 28.
Bg3 Bc6 29. e5 Bxg2+ 30. Qxg2 Qb8 31. e6 1-0

[Event "Tradewise Gibraltar Masters 14th"]
[Site "Gibraltar"]
[Date "2016.02.02"]
[Round "8.116"]
[White "Moradi, Kimia"]
[Black "Chidi, Lovinia Sylvia"]
[Result "1-0"]
[WhiteElo "2024"]
[BlackElo "1780"]
[PlyCount "41"]
[EventDate "2016.01.26"]
[EventType "swiss"]
[EventRounds "10"]
[EventCountry "GGB"]
[Source "www.saund.co.uk"]
[SourceDate "2005.02.07"]

1. e4 c6 2. d4 d5 3. exd5 cxd5 4. Bd3 Nf6 5. c3 g6 6. Nf3 Nc6 7. Bf4 Nh5 8. Be3
Bg7 9. h3 Nf6 10. O-O O-O 11. Nbd2 b6 12. Re1 Qc7 13. Qc1 Bb7 14. Nf1 Rac8 15.
Ng3 Rfe8 16. Bf4 Qd8 17. Bh6 Qc7 18. Qg5 Nd8 19. Bxg7 Kxg7 20. Nf5+ Kh8 21.
Qxf6+ 1-0

[Event "Tradewise Gibraltar Masters 14th"]
[Site "Gibraltar"]
[Date "2016.02.02"]
[Round "8.117"]
[White "Bajer, Renato"]
[Black "Harding, Tim D"]
[Result "0-1"]
[WhiteElo "1890"]
[BlackElo "2006"]
[PlyCount "100"]
[EventDate "2016.01.26"]
[EventType "swiss"]
[EventRounds "10"]
[EventCountry "GGB"]
[Source "www.saund.co.uk"]
[SourceDate "2005.02.07"]

1. e4 e6 2. d4 d5 3. Nc3 Nf6 4. e5 Nfd7 5. f4 c5 6. Nf3 Nc6 7. Be3 cxd4 8. Nxd4
Bc5 9. Qd2 a6 10. O-O-O Qc7 11. Kb1 Nxd4 12. Bxd4 b5 13. h4 O-O 14. h5 Bxd4 15.
Qxd4 Qc5 16. Qxc5 Nxc5 17. Bd3 Bb7 18. Ne2 Ne4 19. Rhf1 f6 20. Kc1 fxe5 21.
fxe5 Nf2 22. Rde1 d4 23. Nxd4 Bxg2 24. Rg1 Nxd3+ 25. cxd3 Bd5 26. Rg4 Rac8+ 27.
Kd2 Rf2+ 28. Ke3 Rh2 29. Reg1 Rc7 30. Rg5 h6 31. Rg6 Rxh5 32. Nxe6 Rxe5+ 33.
Kd4 Rxe6 34. Kxd5 Rxg6 35. Rxg6 Rc2 36. Rxa6 Rxb2 37. d4 h5 38. Ke6 h4 39. Ra3
b4 40. Rh3 Rxa2 41. Rxh4 Ra6+ 42. Kd5 b3 43. Rh2 Ra2 44. Rh1 Ra8 45. Rh2 Rb8
46. Rb2 Kf7 47. Ke5 g5 48. Kf5 Rb5+ 49. Kg4 Ke6 50. Re2+ Kd5 0-1

[Event "Tradewise Gibraltar Masters 14th"]
[Site "Gibraltar"]
[Date "2016.02.02"]
[Round "8.118"]
[White "Sajjadi, Kimiya"]
[Black "Tarr, Steve F"]
[Result "1-0"]
[WhiteElo "1839"]
[BlackElo "1779"]
[PlyCount "33"]
[EventDate "2016.01.26"]
[EventType "swiss"]
[EventRounds "10"]
[EventCountry "GGB"]
[Source "www.saund.co.uk"]
[SourceDate "2005.02.07"]

1. d4 Nf6 2. c4 e5 3. dxe5 Ng4 4. Bf4 Bb4+ 5. Nc3 Bxc3+ 6. bxc3 Nc6 7. Nf3 Qe7
8. Qd5 f6 9. exf6 Nxf6 10. Qd3 d6 11. g3 O-O 12. Bg2 Ne4 13. O-O Bf5 14. Nh4
Nxg3 15. Qxg3 Qxe2 16. Bd5+ Kh8 17. Rfe1 1-0

[Event "Tradewise Gibraltar Masters 14th"]
[Site "Gibraltar"]
[Date "2016.02.02"]
[Round "8.119"]
[White "Winter, Kevin"]
[Black "Kristinsson, Magnus"]
[Result "0-1"]
[WhiteElo "1825"]
[BlackElo "1776"]
[PlyCount "94"]
[EventDate "2016.01.26"]
[EventType "swiss"]
[EventRounds "10"]
[EventCountry "GGB"]
[Source "www.saund.co.uk"]
[SourceDate "2005.02.07"]

1. e4 c5 2. d4 cxd4 3. c3 d3 4. Bxd3 Nc6 5. c4 d6 6. h3 Nf6 7. Nf3 g6 8. O-O
Bg7 9. Nc3 O-O 10. Be3 Nd7 11. Rc1 Nde5 12. Nxe5 Nxe5 13. b3 b6 14. Bb1 Bb7 15.
Qe2 Qd7 16. Rfd1 Rae8 17. Qd2 Bc8 18. f4 Nc6 19. Nd5 Qb7 20. Kh1 f5 21. a4 e5
22. exf5 Bxf5 23. Bxf5 gxf5 24. b4 Re6 25. Re1 e4 26. b5 Na5 27. Qb4 Qf7 28.
Rc2 Nb7 29. Qd2 Rc8 30. Nb4 Na5 31. Qd5 Re7 32. Nc6 Nxc6 33. bxc6 Rec7 34. a5
Rxc6 35. Qxf7+ Kxf7 36. axb6 axb6 37. Rb1 d5 38. Bxb6 Rxc4 39. Rxc4 Rxc4 40.
Bf2 d4 41. Rb7+ Kg6 42. Bh4 d3 43. Rd7 Rd4 44. Re7 d2 45. Bg5 d1=Q+ 46. Kh2 h6
47. h4 hxg5 0-1

[Event "Tradewise Gibraltar Masters 14th"]
[Site "Gibraltar"]
[Date "2016.02.02"]
[Round "8.121"]
[White "Savage, Neil"]
[Black "Boron, Anthony"]
[Result "1/2-1/2"]
[WhiteElo "1689"]
[BlackElo "1915"]
[PlyCount "74"]
[EventDate "2016.01.26"]
[EventType "swiss"]
[EventRounds "10"]
[EventCountry "GGB"]
[Source "www.saund.co.uk"]
[SourceDate "2005.02.07"]

1. e4 e6 2. d4 d5 3. e5 c5 4. c3 Bd7 5. Nf3 Qb6 6. a3 Bb5 7. b4 cxb4 8. Bxb5+
Qxb5 9. cxb4 Ne7 10. Nc3 Qd7 11. O-O Nf5 12. Qd3 Be7 13. Bd2 O-O 14. b5 b6 15.
Na2 a6 16. bxa6 Nxa6 17. Nb4 Nxb4 18. Bxb4 Ra4 19. Rfb1 Qa7 20. Qb5 Bxb4 21.
Rxb4 Rxa3 22. Rab1 Ra6 23. g3 Ne7 24. Kg2 h6 25. h4 Nc8 26. Qc6 Qa8 27. Rc1
Qxc6 28. Rxc6 Ra3 29. Rb2 b5 30. Rbc2 Ne7 31. Rb6 Rb3 32. Rc5 b4 33. Rcb5 Rc8
34. Rxb4 Rxb4 35. Rxb4 Nc6 36. Ra4 Rb8 37. Kg1 Ne7 1/2-1/2

[Event "Tradewise Gibraltar Masters 14th"]
[Site "Gibraltar"]
[Date "2016.02.02"]
[Round "8.122"]
[White "Bullock, Lee"]
[Black "Christophe-Hayot, Romain"]
[Result "1-0"]
[WhiteElo "1549"]
[BlackElo "1824"]
[PlyCount "111"]
[EventDate "2016.01.26"]
[EventType "swiss"]
[EventRounds "10"]
[EventCountry "GGB"]
[Source "www.saund.co.uk"]
[SourceDate "2005.02.07"]

1. e4 d5 2. d4 dxe4 3. Nc3 Bf5 4. Bg5 c6 5. f3 exf3 6. Nxf3 h6 7. Bh4 Qa5 8.
Bc4 e6 9. O-O g5 10. Bg3 Nf6 11. a3 Ne4 12. Nxe4 Bxe4 13. Qe2 Bd5 14. Bxd5 cxd5
15. Bxb8 Be7 16. b4 Qb6 17. Bg3 f6 18. Qd3 O-O-O 19. c4 dxc4 20. Rac1 Kd7 21.
Rxc4 Rc8 22. Rfc1 Rxc4 23. Qxc4 Bd6 24. Bf2 Qc6 25. Qxc6+ bxc6 26. g3 Ra8 27.
Ne1 a5 28. Nd3 axb4 29. Nxb4 Rxa3 30. Nxc6 h5 31. Be1 h4 32. gxh4 gxh4 33. Bxh4
Bf4 34. Rc2 f5 35. Ne5+ Bxe5 36. dxe5 Rd3 37. Kg2 Ke8 38. Rc8+ Kf7 39. Rc7+ Kg6
40. Re7 Kh5 41. Bf2 f4 42. Rxe6 Kg4 43. h3+ Kf5 44. Re8 Rd5 45. e6 Ke4 46. e7
Rg5+ 47. Kf1 Re5 48. Bh4 Kf3 49. Rf8 Re6 50. Bg5 Ra6 51. Rxf4+ Kg3 52. e8=Q
Ra1+ 53. Ke2 Rg1 54. Qe3+ Kh2 55. Rf2+ Rg2 56. Rxg2+ 1-0

[Event "Tradewise Gibraltar Masters 14th"]
[Site "Gibraltar"]
[Date "2016.02.02"]
[Round "8.124"]
[White "Beadle, John R"]
[Black "Gravett, Alan D"]
[Result "1/2-1/2"]
[WhiteElo "1560"]
[BlackElo "1884"]
[PlyCount "60"]
[EventDate "2016.01.26"]
[EventType "swiss"]
[EventRounds "10"]
[EventCountry "GGB"]
[Source "www.saund.co.uk"]
[SourceDate "2005.02.07"]

1. e4 c5 2. Nf3 e6 3. d4 cxd4 4. Nxd4 Nf6 5. Nc3 a6 6. Bg5 Nc6 7. Nb3 d6 8. f4
Be7 9. Qf3 h6 10. Bh4 Bd7 11. a3 b5 12. Bd3 g5 13. fxg5 Ne5 14. Qe2 Nh7 15.
O-O-O hxg5 16. Bf2 Rc8 17. Bd4 Nxd3+ 18. Rxd3 e5 19. Bf2 Nf6 20. Kb1 a5 21. Nd5
Nxd5 22. Rxd5 Bc6 23. Rxb5 Bxb5 24. Qxb5+ Kf8 25. Bb6 Rb8 26. Bxd8 Rxb5 27.
Bxa5 Rh7 28. a4 Rb8 29. Nd2 Kg7 30. Bc3 Kg6 1/2-1/2

[Event "Tradewise Gibraltar Masters 14th"]
[Site "Gibraltar"]
[Date "2016.02.03"]
[Round "9.1"]
[White "Vachier-Lagrave, Maxime"]
[Black "Bacrot, Etienne"]
[Result "1/2-1/2"]
[WhiteElo "2785"]
[BlackElo "2697"]
[PlyCount "60"]
[EventDate "2016.01.26"]
[EventType "swiss"]
[EventRounds "10"]
[EventCountry "GGB"]
[Source "www.saund.co.uk"]
[SourceDate "2005.02.07"]

1. d4 Nf6 2. c4 e6 3. Nf3 d5 4. Nc3 Nbd7 5. Bg5 h6 6. Bh4 Be7 7. e3 O-O 8. Rc1
c5 9. cxd5 Nxd5 10. Bxe7 Nxe7 11. Bb5 cxd4 12. Qxd4 a6 13. Be2 Nf6 14. Qxd8
Rxd8 15. Ne5 Nd7 16. Rd1 b5 17. O-O Ra7 18. a4 Rf8 19. Nxd7 Bxd7 20. axb5 axb5
21. Nxb5 Bxb5 22. Bxb5 Rb7 23. Rd7 Rxb5 24. Rxe7 Rxb2 25. Rc7 Rfb8 26. g3 Rb1
27. Rxb1 Rxb1+ 28. Kg2 g5 29. g4 Kg7 30. h3 Rb2 1/2-1/2

[Event "Tradewise Gibraltar Masters 14th"]
[Site "Gibraltar"]
[Date "2016.02.03"]
[Round "9.2"]
[White "Anton Guijarro, David"]
[Black "Harikrishna, Pentala"]
[Result "1/2-1/2"]
[WhiteElo "2639"]
[BlackElo "2755"]
[PlyCount "95"]
[EventDate "2016.01.26"]
[EventType "swiss"]
[EventRounds "10"]
[EventCountry "GGB"]
[Source "www.saund.co.uk"]
[SourceDate "2005.02.07"]

1. d4 Nf6 2. c4 e6 3. Nf3 b6 4. g3 Ba6 5. b3 Bb4+ 6. Bd2 Be7 7. Nc3 d5 8. cxd5
exd5 9. Bg2 O-O 10. O-O Re8 11. Ne5 Bb7 12. Bc1 Nbd7 13. Bb2 Bf8 14. f4 c5 15.
e3 cxd4 16. exd4 Ne4 17. Nxe4 dxe4 18. Qe2 Nf6 19. g4 a5 20. g5 Ba6 21. Qe3
Bxf1 22. Rxf1 Nd7 23. Bxe4 Nxe5 24. fxe5 Rc8 25. Bd3 Re7 26. Qe4 g6 27. h4 Bg7
28. a4 Qd7 29. Ba3 Re6 30. Bb5 Qd8 31. Bc4 Qd7 32. Rf3 Rd8 33. Bxe6 fxe6 34.
Bd6 Bf8 35. Bxf8 Rxf8 36. Rxf8+ Kxf8 37. Kf2 Qd5 38. Qe3 Ke8 39. Qd3 Kd8 40.
Qc4 Kd7 41. Qb5+ Kc7 42. Qc4+ Kd7 43. Qxd5+ exd5 44. Kf3 Ke6 45. Kg4 Ke7 46.
Kf4 Ke6 47. Kg4 Ke7 48. Kf4 1/2-1/2

[Event "Tradewise Gibraltar Masters 14th"]
[Site "Gibraltar"]
[Date "2016.02.03"]
[Round "9.4"]
[White "Li Chao B"]
[Black "Lenic, Luka"]
[Result "1-0"]
[WhiteElo "2751"]
[BlackElo "2611"]
[PlyCount "81"]
[EventDate "2016.01.26"]
[EventType "swiss"]
[EventRounds "10"]
[EventCountry "GGB"]
[Source "www.saund.co.uk"]
[SourceDate "2005.02.07"]

1. Nf3 d5 2. c4 e6 3. g3 dxc4 4. Bg2 Nf6 5. O-O a6 6. Qc2 Be7 7. Ne5 c5 8. a4
Nd5 9. Qxc4 Nd7 10. Nxd7 Bxd7 11. Bxd5 exd5 12. Qxd5 Be6 13. Qxd8+ Rxd8 14. d3
c4 15. dxc4 Bxc4 16. Nc3 b5 17. axb5 axb5 18. b3 Bxb3 19. Nxb5 O-O 20. Ba3 Bxa3
21. Nxa3 Rd2 22. e3 g6 23. Rfc1 Ra8 24. Nb5 Rxa1 25. Rxa1 Kg7 26. Nd4 Bd5 27.
h4 h5 28. Kf1 Rb2 29. Ke1 Be4 30. Rd1 Kf6 31. Rd2 Rxd2 32. Kxd2 Ke5 33. Ke2 f6
34. Nf3+ Kf5 35. Nd2 Bb7 36. f3 Ba6+ 37. Kf2 Ke5 38. e4 g5 39. Ke3 gxh4 40. f4+
Ke6 41. f5+ 1-0

[Event "Tradewise Gibraltar Masters 14th"]
[Site "Gibraltar"]
[Date "2016.02.03"]
[Round "9.5"]
[White "Grandelius, Nils"]
[Black "Yu Yangyi"]
[Result "1/2-1/2"]
[WhiteElo "2635"]
[BlackElo "2747"]
[PlyCount "106"]
[EventDate "2016.01.26"]
[EventType "swiss"]
[EventRounds "10"]
[EventCountry "GGB"]
[Source "www.saund.co.uk"]
[SourceDate "2005.02.07"]

1. d4 Nf6 2. c4 e6 3. Nf3 d5 4. Nc3 Bb4 5. cxd5 exd5 6. Bg5 h6 7. Bh4 Nbd7 8.
e3 g5 9. Bg3 Ne4 10. Qc2 Nb6 11. Bd3 Bf5 12. Nd2 Nxg3 13. hxg3 Bxd3 14. Qxd3
Qd7 15. a3 Be7 16. Nb3 O-O-O 17. O-O-O Kb8 18. Rhe1 f5 19. Nc5 Qc6 20. Qxf5
Bxc5 21. dxc5 Qxc5 22. Rd4 Rhf8 23. Qc2 a6 24. Red1 Rde8 25. e4 dxe4 26. Nxe4
Qxc2+ 27. Kxc2 c5 28. Nxc5 Rc8 29. b4 Na4 30. R4d2 Nxc5 31. bxc5 Rxc5+ 32. Kb2
Rf6 33. Re1 g4 34. Re4 h5 35. Re3 Rcf5 36. f3 gxf3 37. gxf3 Rxf3 38. Rxf3 Rxf3
39. Rd5 Rf2+ 40. Kb3 Rh2 41. Rg5 Kc7 42. Rg6 Rh1 43. a4 Kd7 44. Kb4 Rb1+ 45.
Ka5 Kc7 46. Rh6 Rh1 47. Kb4 Kb8 48. Rg6 Ka7 49. Rg5 Rh2 50. Rg7 Rb2+ 51. Ka3
Rb1 52. Rg5 Rh1 53. Kb4 Kb6 1/2-1/2

[Event "Tradewise Gibraltar Masters 14th"]
[Site "Gibraltar"]
[Date "2016.02.03"]
[Round "9.6"]
[White "Sethuraman, S.P."]
[Black "Wojtaszek, Radoslaw"]
[Result "1-0"]
[WhiteElo "2639"]
[BlackElo "2727"]
[PlyCount "73"]
[EventDate "2016.01.26"]
[EventType "swiss"]
[EventRounds "10"]
[EventCountry "GGB"]
[Source "www.saund.co.uk"]
[SourceDate "2005.02.07"]

1. e4 e5 2. Nf3 Nc6 3. Bb5 a6 4. Ba4 Nf6 5. O-O Be7 6. Re1 b5 7. Bb3 d6 8. c3
O-O 9. h3 Bb7 10. d4 Re8 11. Nbd2 Bf8 12. a3 g6 13. Ba2 Bg7 14. Qc2 Qd7 15. b4
exd4 16. cxd4 a5 17. bxa5 Nxa5 18. Rb1 Qc6 19. Qd1 d5 20. Ne5 Qa6 21. a4 Nc4
22. Rxb5 Nxd2 23. Bxd2 Qxa4 24. Qxa4 Rxa4 25. Bb3 Rxd4 26. Nf3 Rxd2 27. Nxd2
Ba8 28. Rc5 c6 29. Ra5 Bh6 30. Nf1 Bf8 31. Rea1 Bb7 32. exd5 cxd5 33. Rd1 Ne4
34. Rc1 Bc5 35. Raxc5 Nxc5 36. Rxc5 Re1 37. Bxd5 1-0

[Event "Tradewise Gibraltar Masters 14th"]
[Site "Gibraltar"]
[Date "2016.02.03"]
[Round "9.8"]
[White "Ragger, Markus"]
[Black "Lalith, Babu M R"]
[Result "1/2-1/2"]
[WhiteElo "2689"]
[BlackElo "2553"]
[PlyCount "129"]
[EventDate "2016.01.26"]
[EventType "swiss"]
[EventRounds "10"]
[EventCountry "GGB"]
[Source "www.saund.co.uk"]
[SourceDate "2005.02.07"]

1. d4 Nf6 2. c4 e6 3. g3 d5 4. Nf3 Bb4+ 5. Bd2 Be7 6. Bg2 O-O 7. O-O Nbd7 8.
Qc2 c6 9. Rd1 b6 10. b3 Ne4 11. Bf4 Bb7 12. Nc3 g5 13. Be3 f5 14. Nxe4 dxe4 15.
Ne5 Qe8 16. Qc1 h6 17. h4 Nxe5 18. dxe5 gxh4 19. Bxh6 Rf7 20. gxh4 Bxh4 21. Qf4
Be7 22. Rac1 Rh7 23. Rc3 Kh8 24. Bg5 Rd8 25. Rd6 Rxd6 26. exd6 Bxg5 27. Qxg5
Qf8 28. Rg3 Bc8 29. f3 Rg7 30. Qh4+ Rh7 31. Qf4 exf3 32. Qe5+ Rg7 33. Rxf3 Qf7
34. Rh3+ Kg8 35. Qh2 Qf6 36. Qf4 Bd7 37. Kf2 e5 38. Qh6 Kf7 39. b4 e4 40. Qxf6+
Kxf6 41. Ra3 Be6 42. c5 Ke5 43. e3 bxc5 44. bxc5 f4 45. exf4+ Kd4 46. Ra4+ Kxc5
47. Bxe4 Kxd6 48. Ke3 Rg3+ 49. Kf2 Rg7 50. Kf3 Bd5 51. Bxd5 Kxd5 52. f5 Ke5 53.
Ra5+ Kf6 54. a4 Rb7 55. Ke4 Rb4+ 56. Kd3 c5 57. Kc3 a6 58. Rxa6+ Kxf5 59. a5
Ke5 60. Ra8 Kd6 61. a6 Kc7 62. a7 Kb7 63. Rb8+ Kxa7 64. Rxb4 cxb4+ 65. Kxb4
1/2-1/2

[Event "Tradewise Gibraltar Masters 14th"]
[Site "Gibraltar"]
[Date "2016.02.03"]
[Round "9.9"]
[White "Jakovenko, Dmitry"]
[Black "Sandipan, Chanda"]
[Result "1-0"]
[WhiteElo "2732"]
[BlackElo "2583"]
[PlyCount "93"]
[EventDate "2016.01.26"]
[EventType "swiss"]
[EventRounds "10"]
[EventCountry "GGB"]
[Source "www.saund.co.uk"]
[SourceDate "2005.02.07"]

1. c4 f5 2. Nf3 Nf6 3. g3 e6 4. Bg2 c6 5. O-O d5 6. d3 Be7 7. b3 O-O 8. Bb2 a5
9. Nc3 Na6 10. e3 Nc5 11. Qc2 Bd7 12. Ne5 Be8 13. Ne2 Nfd7 14. Rad1 Bh5 15.
Nxd7 Qxd7 16. f3 Na6 17. Be5 a4 18. Qc3 Bb4 19. Qb2 axb3 20. Nf4 Be8 21. axb3
Bc5 22. d4 Be7 23. Nd3 g5 24. Qc3 Bg6 25. b4 Bd6 26. f4 g4 27. b5 Nc7 28. b6
dxc4 29. Nc5 Bxc5 30. dxc5 Nd5 31. Qxc4 Qf7 32. Bb2 h5 33. Qd4 Kh7 34. Qe5 Ra5
35. Bd4 Nxb6 36. Rc1 Nd5 37. Ra1 Raa8 38. Rxa8 Rxa8 39. Rb1 Kh6 40. e4 Ne7 41.
Rxb7 Rd8 42. Qf6 Qxf6 43. Bxf6 Rd1+ 44. Kf2 Rd2+ 45. Kf1 h4 46. Bxh4 fxe4 47.
Rxe7 1-0

[Event "Tradewise Gibraltar Masters 14th"]
[Site "Gibraltar"]
[Date "2016.02.03"]
[Round "9.10"]
[White "Rapport, Richard"]
[Black "Tregubov, Pavel V"]
[Result "1/2-1/2"]
[WhiteElo "2721"]
[BlackElo "2582"]
[PlyCount "156"]
[EventDate "2016.01.26"]
[EventType "swiss"]
[EventRounds "10"]
[EventCountry "GGB"]
[Source "www.saund.co.uk"]
[SourceDate "2005.02.07"]

1. e4 e6 2. d4 d5 3. exd5 exd5 4. Nf3 Bd6 5. h3 Ne7 6. c4 c6 7. c5 Bc7 8. Bd3
Bf5 9. O-O O-O 10. Re1 Bxd3 11. Qxd3 Nd7 12. Nc3 Ng6 13. Bg5 Nf6 14. Ne5 Bxe5
15. dxe5 h6 16. Bxf6 gxf6 17. e6 Re8 18. Re3 Kg7 19. Ne2 Rxe6 20. Nd4 Re5 21.
Nf5+ Kh7 22. Rae1 d4 23. Rxe5 fxe5 24. g3 Qa5 25. b4 Qxb4 26. Rb1 Qc3 27. Qd1
e4 28. Rxb7 Rf8 29. Qh5 d3 30. Qxh6+ Kg8 31. h4 Qe5 32. Qg5 e3 33. Nxe3 Qxg5
34. hxg5 Rd8 35. f4 d2 36. Rb1 Nf8 37. Rd1 Ne6 38. Nf1 Rd3 39. Rxd2 Ra3 40. Re2
Nxc5 41. f5 Kf8 42. f6 Kg8 43. Re7 Rf3 44. Kg2 Rf5 45. Re8+ Kh7 46. Rf8 Rxg5
47. Rxf7+ Kg6 48. Rxa7 Kxf6 49. Rc7 Ne6 50. Rxc6 Ra5 51. Rc2 Ra3 52. Rf2+ Kg6
53. Rb2 Nc5 54. Nd2 Na4 55. Nc4 Rc3 56. Ne5+ Kf5 57. Re2 Nc5 58. Nf3 Ne4 59.
Nh4+ Ke5 60. Kh2 Ra3 61. Ng2 Kd4 62. Ne1 Ke5 63. Ng2 Kd4 64. g4 Nf6 65. g5 Ng4+
66. Kg1 Rg3 67. Kf1 Nh2+ 68. Kg1 Ng4 69. Rd2+ Ke4 70. Rb2 Ne5 71. Rb4+ Kf5 72.
Rb5 Rxg5 73. Kf1 Rg3 74. Ra5 Ke4 75. Kf2 Rc3 76. Ra4+ Rc4 77. Rxc4+ Nxc4 78. a3
Nxa3 1/2-1/2

[Event "Tradewise Gibraltar Masters 14th"]
[Site "Gibraltar"]
[Date "2016.02.03"]
[Round "9.11"]
[White "Perez Ponsa, Federico"]
[Black "Almasi, Zoltan"]
[Result "1/2-1/2"]
[WhiteElo "2577"]
[BlackElo "2684"]
[PlyCount "52"]
[EventDate "2016.01.26"]
[EventType "swiss"]
[EventRounds "10"]
[EventCountry "GGB"]
[Source "www.saund.co.uk"]
[SourceDate "2005.02.07"]

1. d4 Nf6 2. c4 e6 3. g3 d5 4. Nf3 Bb4+ 5. Bd2 Be7 6. Bg2 O-O 7. O-O Nbd7 8.
Qc2 c6 9. Bf4 b6 10. Rd1 Ba6 11. Ne5 Rc8 12. cxd5 Nxd5 13. Nc3 Nxe5 14. Bxe5 f6
15. Bf4 Qd7 16. Bd2 f5 17. a3 Nxc3 18. Bxc3 Bc4 19. e4 fxe4 20. Bxe4 h6 21. Re1
Bd5 22. Qe2 Rf6 23. Bc2 Rf3 24. Be4 Rf6 25. Bc2 Rf3 26. Be4 Rf6 1/2-1/2

[Event "Tradewise Gibraltar Masters 14th"]
[Site "Gibraltar"]
[Date "2016.02.03"]
[Round "9.12"]
[White "Bruzon Batista, Lazaro"]
[Black "Vazquez Igarza, Renier"]
[Result "1/2-1/2"]
[WhiteElo "2666"]
[BlackElo "2572"]
[PlyCount "93"]
[EventDate "2016.01.26"]
[EventType "swiss"]
[EventRounds "10"]
[EventCountry "GGB"]
[Source "www.saund.co.uk"]
[SourceDate "2005.02.07"]

1. e4 e5 2. Nf3 Nf6 3. Nxe5 d6 4. Nf3 Nxe4 5. Nc3 Nxc3 6. dxc3 Be7 7. Be3 Nd7
8. Qd2 O-O 9. O-O-O Ne5 10. Kb1 Re8 11. h4 Bg4 12. Be2 Qc8 13. Rde1 Bf8 14. h5
h6 15. Reg1 Qd7 16. Qd1 Nc6 17. Nh4 Bxe2 18. Qxe2 Be7 19. Nf3 Qg4 20. Qf1 d5
21. Rh3 Kf8 22. Qd3 Qe4 23. Qd1 Rad8 24. g4 f6 25. Re1 Qc4 26. Nd2 Qb5 27. Bf4
Bd6 28. Bxd6+ Rxd6 29. Rxe8+ Kxe8 30. a3 Kd8 31. f4 b6 32. Rd3 Ne7 33. Nf3 Qd7
34. Nh4 Kc8 35. f5 Nc6 36. b3 d4 37. Qf3 Kb8 38. cxd4 Nxd4 39. Qe4 Nc6 40. Rxd6
Qxd6 41. Nf3 a5 42. Kb2 Kc8 43. c3 Kd7 44. b4 axb4 45. axb4 b5 46. Kc2 Kd8 47.
Kb2 1/2-1/2

[Event "Tradewise Gibraltar Masters 14th"]
[Site "Gibraltar"]
[Date "2016.02.03"]
[Round "9.13"]
[White "Kamsky, Gata"]
[Black "Muzychuk, Mariya"]
[Result "1/2-1/2"]
[WhiteElo "2665"]
[BlackElo "2554"]
[PlyCount "72"]
[EventDate "2016.01.26"]
[EventType "swiss"]
[EventRounds "10"]
[EventCountry "GGB"]
[Source "www.saund.co.uk"]
[SourceDate "2005.02.07"]

1. d4 d5 2. Bf4 Nf6 3. e3 c5 4. Nf3 Nc6 5. Nbd2 e6 6. c3 Bd6 7. Bg3 O-O 8. Bd3
b6 9. e4 Be7 10. e5 Nh5 11. O-O Bd7 12. Re1 Nxg3 13. hxg3 a5 14. a3 a4 15. Nf1
b5 16. Ne3 b4 17. cxb4 cxb4 18. axb4 Nxb4 19. Bb1 Bb5 20. g4 h6 21. g3 g6 22.
Kg2 Kg7 23. Rh1 Qb6 24. Ra3 Rh8 25. Rc3 Nc6 26. Bd3 Na5 27. Bxb5 Qxb5 28. Qc2
Nb3 29. g5 Bxg5 30. Ng4 Bd8 31. Nf6 Bb6 32. Rh4 Ba5 33. Rc6 Na1 34. Qc1 Nb3 35.
Qc2 Na1 36. Qc1 Nb3 1/2-1/2

[Event "Tradewise Gibraltar Masters 14th"]
[Site "Gibraltar"]
[Date "2016.02.03"]
[Round "9.14"]
[White "Tari, Aryan"]
[Black "Duda, Jan-Krzysztof"]
[Result "1/2-1/2"]
[WhiteElo "2556"]
[BlackElo "2660"]
[PlyCount "60"]
[EventDate "2016.01.26"]
[EventType "swiss"]
[EventRounds "10"]
[EventCountry "GGB"]
[Source "www.saund.co.uk"]
[SourceDate "2005.02.07"]

1. e4 c5 2. Nf3 d6 3. d4 cxd4 4. Nxd4 Nf6 5. Nc3 a6 6. Bg5 Nbd7 7. Qe2 e6 8. f4
Qc7 9. O-O-O Be7 10. g4 b5 11. a3 Bb7 12. Bg2 Rc8 13. Bh4 Nb6 14. Bxf6 gxf6 15.
f5 e5 16. Nb3 h5 17. h3 Bf8 18. Kb1 Bh6 19. Na5 Ba8 20. Rd3 Ke7 21. Rhd1 Rhd8
22. b4 Nc4 23. Nxc4 Qxc4 24. Qf2 Qc7 25. Bf1 Rb8 26. Nd5+ Bxd5 27. Rxd5 a5 28.
Bxb5 axb4 29. a4 hxg4 30. hxg4 Bf4 1/2-1/2